Pokémon Johto Pokémon's (Mega's and Forms) - Statistics

General Stats
  • This quiz has been taken 15 times
  • The average score is 97 of 115
Answer Stats
Picture Answer % Correct
Chikorita
100%
Furret
100%
Pichu
100%
Aipom
89%
Ampharos
89%
Ariados
89%
Azumarill
89%
Bayleef
89%
Cleffa
89%
Corsola
89%
Crobat
89%
Croconaw
89%
Cyndaquil
89%
Dunsparce
89%
Espeon
89%
Feraligatr
89%
Galarian Slowking
89%
Girafarig
89%
Gligar
89%
Hisuian Qwilfish
89%
Hisuian Sneasel
89%
Hisuian Typhlosion
89%
Igglybuff
89%
Jumpluff
89%
Ledyba
89%
Magcargo
89%
Mareep
89%
Marill
89%
Mega Ampharos
89%
Mega Feraligatr
89%
Mega Meganium
89%
Meganium
89%
Mega Scizor
89%
Mega Skarmory
89%
Mega Steelix
89%
Misdreavus
89%
Murkrow
89%
Natu
89%
Noctowl
89%
Octillery
89%
Paldean Wooper
89%
Piloswine
89%
Politoed
89%
Quagsire
89%
Quilava
89%
Qwilfish
89%
Remoraid
89%
Scizor
89%
Skarmory
89%
Slowking
89%
Slugma
89%
Sneasel
89%
Steelix
89%
Sudowoodo
89%
Sunflora
89%
Sunkern
89%
Swinub
89%
Teddiursa
89%
Togepi
89%
Togetic
89%
Totodile
89%
Typhlosion
89%
Umbreon
89%
Wobbuffet
89%
Wooper
89%
Xatu
89%
Bellossom
78%
Blissey
78%
Celebi
78%
Chinchou
78%
Delibird
78%
Donphan
78%
Elekid
78%
Entei
78%
Flaaffy
78%
Forretress
78%
Galarian Corsola
78%
Granbull
78%
Heracross
78%
Hitmontop
78%
Ho-Oh
78%
Hoothoot
78%
Hoppip
78%
Houndoom
78%
Houndour
78%
Kingdra
78%
Lanturn
78%
Larvitar
78%
Ledian
78%
Lugia
78%
Magby
78%
Mantine
78%
Mega Heracross
78%
Mega Houndoom
78%
Mega Tyranitar
78%
Miltank
78%
Phanpy
78%
Pineco
78%
Porygon2
78%
Pupitar
78%
Raikou
78%
Sentret
78%
Shuckle
78%
Skiploom
78%
Smeargle
78%
Smoochum
78%
Snubbull
78%
Spinarak
78%
Stantler
78%
Suicune
78%
Tyranitar
78%
Tyrogue
78%
Unown
78%
Ursaring
78%
Yanma
78%
No matching quizzes found
Score Distribution
Percent of People with Each Score
Percentile by Number Answered
Your Score History
You have not taken this quiz